The unlighted sides of Tennessee Williams' heroines / (Record no. 16859)

MARC details
000 -LEADER
fixed length control field 00959nam a2200253 a 4500
005 - DATE AND TIME OF LATEST TRANSACTION
control field 20070119085348.0
008 - FIXED-LENGTH DATA ELEMENTS--GENERAL INFORMATION
fixed length control field 060831s2006 ii | b 00| 0 eng
010 ## - LCCN (DPL NO)
LC control number ENG-91367
020 ## - INTERNATIONAL STANDARD BOOK NUMBER
Terms of availability 75.00
035 ## - SYSTEM CONTROL NUMBER
System control number EN-74900
037 ## - SOURCE OF ACQUISITION
Source of stock number/acquisition DBAD / PUB
040 ## - CATALOGING SOURCE
Original cataloging agency dpl
Language of cataloging English
082 ## - DEWEY DECIMAL CLASSIFICATION NUMBER
Classification number 882.522
100 ## - MAIN ENTRY--PERSONAL NAME
Personal name Lalithambika, K.C.
245 ## - TITLE STATEMENT
Title The unlighted sides of Tennessee Williams' heroines /
Statement of responsibility, etc by K.C. Lalithambika
260 ## - PUBLICATION, DISTRIBUTION, ETC. (IMPRINT)
Place of publication, distribution, etc Chennai
Name of publisher, distributor, etc Harishankar Publications
Date of publication, distribution, etc 2008
300 ## - PHYSICAL DESCRIPTION
Extent 56p.
Dimensions 20cm (pbk)
500 ## - GENERAL NOTE
General note Includes bibliographical references
520 ## - SUMMARY, ETC.
Summary, etc History of Kashmiri Pandits and Kashmir, India.
600 ## - SUBJECT ADDED ENTRY--PERSONAL NAME
Personal name Williams, Tennessee
Form subdivision Characters
General subdivision Heroines
650 ## - SUBJECT ADDED ENTRY--TOPICAL TERM
Topical term or geographic name as entry element Heroines in literature
942 ## - ADDED ENTRY ELEMENTS (KOHA)
Source of classification or shelving scheme Dewey Decimal Classification
Item type English Books
Call number suffix LAL
Classification part 882.522
Holdings
Withdrawn status Lost status Source of classification or shelving scheme Damaged status Not for loan Collection code Home library Current library Date acquired Source of acquisition Cost, normal purchase price Total Checkouts Full call number Barcode Date last seen Copy number Cost, replacement price Koha item type
    Dewey Decimal Classification   Not For Loan Non-fiction D.B.Act.Division D.B.Act.Division 17/10/2008 DBAD / PUB 75.00   882.522 LAL EN-74900 17/10/2008 1 75.00 English Books

© Delhi Public Library
Hit Counter
free hit counter